Slovenskí poistenci sú konzervatívni

Kapitálové životné poistenie je preferovanou investíciou slovenských poistencov. Poistenci na Slovensku sú konzervatívni, do investičného životného poistenia, kde sa výška výplaty odvodzuje od zhodnocovania poistného prostredníctvom rizikovejších nástrojov, investuje podstatne menej klientov, ako...

Ausführliche Beschreibung

Gespeichert in:
Bibliographische Detailangaben
1. Verfasser: Kopřiva, Juraj, ml
Format: Buchkapitel
Sprache:Slowakisch
Schlagworte:
Tags: Tag hinzufügen
Keine Tags, Fügen Sie das erste Tag hinzu!

MARC

LEADER 00000naa$a2200000$$$4500
001 0015788
005 20231004123731.7
041 0 |a slo 
044 |a SK 
245 1 0 |a Slovenskí poistenci sú konzervatívni  |c aut. Juraj Kopřiva ml. 
520 |a Kapitálové životné poistenie je preferovanou investíciou slovenských poistencov. Poistenci na Slovensku sú konzervatívni, do investičného životného poistenia, kde sa výška výplaty odvodzuje od zhodnocovania poistného prostredníctvom rizikovejších nástrojov, investuje podstatne menej klientov, ako do kapitálového životného poistenia. Čím je poisťovňa väčšia, tým menej predáva cez banky a viac cez svoje pobočky. Percentuálne rozdelenie životného poistenia najväčších poisťovní na Slovensku - Kooperatívy a Allianz-SP. 
610 2 0 |a poistenie životné 
610 2 0 |a poistenie životné investičné 
610 2 0 |a poisťovne 
610 2 0 |a poradcovia 
610 2 0 |a Slovensko 
100 1 |a Kopřiva, Juraj, ml.